Pedagogická encyklopédia Slovenska 1. zv. A-O

Na minha lista:
Detalhes bibliográficos
Autor principal: Pavlík, Ondrej, 1916-1996
Outros Autores: Roháč, Ján (gup), Takáč, Oto (gup)
Formato: Livro
Idioma:eslovaco
Publicado em: Bratislava Veda 1984
Edição:1. vyd.
Assuntos:
Acesso em linha:View in OPAC
Tags: Adicionar Tag
Sem tags, seja o primeiro a adicionar uma tag!

MARC

LEADER 00000nam a2200000 a 4500
005 20260127134328.0
008 180815s1984 xo o 0 00 slo
015 |a SNBA1984/11 
020 |c 126 Kčs. (25000 výtl.) 
035 |a vtls001119940 
035 |a SNK000062783 
039 9 |a 201808151825  |b VLOAD  |c 201808142135  |d VLOAD  |c 201808142135  |d VLOAD  |c 201808142135  |d VLOAD  |y 200412250125  |z VLOAD 
040 |a SNK  |b slo  |c SNK  |d STUSCHK1  |e AACR2 
041 |a slo 
044 |a xo  |c SK 
080 |a 37(031)  |2 2001 
100 1 |a Pavlík, Ondrej,  |d 1916-1996  |9 832 
245 1 |a Pedagogická encyklopédia Slovenska  |n 1. zv.  |p A-O  |c Ondrej Pavlík ; Ján Roháč, Oto Takáč 
250 |a 1. vyd. 
260 |a Bratislava  |b Veda  |c 1984  |e Bratislava  |f Svornosť 
300 |a 743 s., 136,66 AH  |b Fot.  |c 27 cm 
500 |a Rozlož. tit. list. Vysvetl. a použ. skr. Fareb. príl. a prebal vytl. Tlačiarne SNP, Martin. 
650 0 7 |a pedagogika  |2 SNKPH 
655 7 |a encyklopédie  |2 SNKPH 
700 1 |a Roháč, Ján  |4 gup 
700 1 |a Takáč, Oto  |4 gup 
910 |a SCHK95 
910 |a snmk 
954 |a pedagogika  |z Slovenská republika  |x encyklopédie 
958 |a OND 
958 |a TL 
999 |c 9985  |d 9985